Amire a regény képes, de a film nem (és fordítva)
Elmentve itt :
| Szerzők: | |
|---|---|
| Dokumentumtípus: | Könyv része |
| Megjelent: |
Pompeji Kiadó
Szeged
2011
|
| Sorozat: | Apertúra könyvek
Verbális és vizuális narráció : szöveggyűjtemény |
| mtmt: | 1298826 |
| Online Access: | http://publicatio.bibl.u-szeged.hu/18082 |
| LEADER | 00760naa a2200217 i 4500 | ||
|---|---|---|---|
| 001 | publ18082 | ||
| 005 | 20200129114124.0 | ||
| 008 | 200129s2011 hu o 0|| zxx d | ||
| 020 | |a 9789638900012 | ||
| 024 | 7 | |a 1298826 |2 mtmt | |
| 040 | |a SZTE Publicatio Repozitórium |b hun | ||
| 041 | |a zxx | ||
| 100 | 3 | |a Chatman Seymour | |
| 245 | 1 | 0 | |a Amire a regény képes, de a film nem (és fordítva) |h [elektronikus dokumentum] / |c Chatman Seymour |
| 260 | |a Pompeji Kiadó |b Szeged |c 2011 | ||
| 300 | |a 20 | ||
| 300 | |a 71-90 | ||
| 490 | 0 | |a Apertúra könyvek | |
| 490 | 0 | |a Verbális és vizuális narráció : szöveggyűjtemény | |
| 700 | 0 | 1 | |a Sághy Miklós |e aut |
| 856 | 4 | 0 | |u http://publicatio.bibl.u-szeged.hu/18082/1/VerbalisesvizualisSeymourChatman.pdf |z Dokumentum-elérés |